Kamus Melayu Arab / (Record no. 145)

000 -LEADER
fixed length control field nam a22 a 4500
003 - CONTROL NUMBER IDENTIFIER
control field AKMAL
005 - DATE AND TIME OF LATEST TRANSACTION
control field 20170420160150.0
008 - FIXED-LENGTH DATA ELEMENTS--GENERAL INFORMATION
fixed length control field 170420s1988 my 000 may d
020 ## - INTERNATIONAL STANDARD BOOK NUMBER
International Standard Book Number 9676901822
040 ## - CATALOGING SOURCE
Original cataloging agency AKMAL
082 04 - DEWEY DECIMAL CLASSIFICATION NUMBER
Classification number 492.7043 KAM
090 ## - LOCALLY ASSIGNED LC-TYPE CALL NUMBER (OCLC); LOCAL CALL NUMBER (RLIN)
Classification number (OCLC) (R) ; Classification number, CALL (RLIN) (NR) 492.7043
Local cutter number (OCLC) ; Book number/undivided call number, CALL (RLIN) KAM
100 1# - MAIN ENTRY--PERSONAL NAME
Personal name Alkalali, Asad M.
9 (RLIN) 367
245 10 - TITLE STATEMENT
Title Kamus Melayu Arab /
Statement of responsibility, etc. Asad M. Alkalali
260 ## - PUBLICATION, DISTRIBUTION, ETC.
Place of publication, distribution, etc. Selangor :
Name of publisher, distributor, etc. Thinker's Library,
Date of publication, distribution, etc. 1988
300 00 - PHYSICAL DESCRIPTION
Extent xv, [606]ms ;
Dimensions 21cm
650 ## - SUBJECT ADDED ENTRY--TOPICAL TERM
Topical term or geographic name entry element Malay language
Form subdivision Dictionaries
General subdivision Arabic
9 (RLIN) 368
650 ## - SUBJECT ADDED ENTRY--TOPICAL TERM
Topical term or geographic name entry element Arabic language
Form subdivision Dictionaries
General subdivision Malay
9 (RLIN) 360
942 ## - ADDED ENTRY ELEMENTS (KOHA)
Source of classification or shelving scheme
Koha item type Book
Holdings
Withdrawn status Lost status Source of classification or shelving scheme Damaged status Not for loan Collection code Home library Current library Shelving location Date acquired Total Checkouts Full call number Barcode Date last seen Price effective from Koha item type Inventory number
          NON-FICTION AKMAL Melaka AKMAL Melaka PINJAMAN 20.04.2017   492.7043 KAM 201700297 20.04.2017 20.04.2017 Book  
          NON-FICTION AKMAL Melaka AKMAL Melaka PINJAMAN 20.04.2017   492.7043 ALK   21.04.2017 20.04.2017 Book 00316
Pusat Sumber Maklumat Dato' Haji Sarmin Md Hussin, Akademi Kastam Diraja Malaysia, Melaka
Tel: 06-2331106 | Faks: 06-2313787